000 00627nam a22001937a 4500
003 OSt
005 20260127055409.0
008 260127b |||||||| |||| 00| 0 eng d
020 _a971-513-231-8.
040 _aDWC-Main lib.
_cOC
082 _21st ed.
_aFil. 579 B352L 2006
100 _aBautista, Joy N.
245 _aLaboratory workbook in microbiology and parasitology for the health professions/
_cJoy N. Bautista
260 _aManila :
_bEducational Publishing House,
_cc2006.
300 _a221 p. ;
_c25 cm.
650 _a1. Microbiology-Workbook.
760 _b1st ed.
942 _2ddc
_cBK - FIL
_e1st ed.
_hFil.
_n0
999 _c7870
_d7870